Ποιητική ανθολογία : για τους αγνοούμενους μας

Saved in:
Bibliographic Details
Other Authors: Κιτρομηλίδης, Γιώργος (aui [Συγγραφέας προλόγου]), Φιλιππίδου-Χρίστου, Άνδρη (Author of introduction, etc.)
Format: Book
Language:Greek
Published: Λευκωσία : Επιφανίου, 2007.
Subjects:
Tags: Add Tag
No Tags, Be the first to tag this record!

MARC

LEADER 00000cam a2200000 a 4500
001 1/117136
008 180907s2007####cy | ||| |||| ||gre||
020 |a 9789963666669  
040 |a GR-MyUa  |b gre  |c GR-MyUa  |e AACR2 
041 0 |a gre 
082 7 |a 889.092   |2 (23) 
245 0 0 |a Ποιητική ανθολογία :   |b για τους αγνοούμενους μας /   |c Γ. Κιτρομηλίδης, Α. Φιλιππίδου-Χρίστου.  
260 |a Λευκωσία :   |b Επιφανίου,   |c 2007.  
300 |a 137 σ. ;   |c 21 εκ.  
650 0 |a Cyprian poetry  |x Collections. 
650 0 |a Greek poetry, Modern  |x Collections. 
650 0 |a Greek poetry, Modern  |z Cyprus. 
651 0 |a Cyprus  |x History  |x Turkish invasion, 1974- 
700 1 |a Κιτρομηλίδης, Γιώργος,  |e aui [Συγγραφέας προλόγου] 
700 1 |a Φιλιππίδου-Χρίστου, Άνδρη,  |e aui 
852 |a INST  |b RHODES  |e 20180907  |h 889.092 ΠΟΙ  |p 005400040203  |q 005400040203  |t BK  |y 0 
970 |a Κωτάκου  |b Μαρία  |z 07-09-2018